Réplique harry potter #1 - Statistiques

Statistiques générales
  • Ce quiz a été pris 570 fois
  • Le résultat moyen est 8 sur 10
Statistiques - réponses
Hint Réplique Réponse % Correct
1 Chemin de travers ! Harry Potter
99%
4 Taisez vous Dursley ! Espèce de vieux pruneaux. Rubeus Hagrid
96%
6 J'aimerais avoir Dubois s'il vous plait. Minerva Mcgonagall
92%
9 La peur d'un nom ne fait qu'accroître la peur de la chose elle même. Hermione Granger
87%
3 Ça c'est distrayant ? Ron Weasley
87%
5 Un troll dans les cachots, un troll dans les cachots ! Quirinus Quirell
85%
7 ... Ne voulait pas tuer. Blesser très gravement, mutiler, mais pas tuer. Dobby
77%
10 Ma mère a fait ça quand je me suis enfui, une femme charmante. Sirius Black
73%
2 Ce que Cornelius ignore ne peut pas lui faire de tort. Dolores Ombrage
62%
8 Tu as le droit d'avoir une baguette. Alastor Maugrey
36%
Aucun quiz correspondant
Distribution des résultats
% des personnes avec chaque résultat
Percentile par nombre de réponses
Votre historique - résultats
Vous n’avez pas pris ce quiz